Statistics for Atlantic Africa - Map Quiz

Click here to take the quiz!

General Stats

  • This quiz has been taken 51 times
  • The average score is 20 of 23

Answers on the Map

Answers color-coded by a green-red scale on the quiz's map according to % correct below.
 

Answer Stats

Answer% Correct
Morocco
100%
Mauritania
97%
Cape Verde
95%
Senegal
89%
South Africa
89%
Cameroon
87%
D.R. Congo
87%
Gambia
87%
Ghana
87%
Guinea
87%
Liberia
87%
Angola
84%
Benin
84%
Equatorial Guinea
84%
Gabon
84%
Guinea-Bissau
84%
Ivory Coast
84%
Namibia
84%
São Tomé and
Príncipe
84%
Sierra Leone
84%
Nigeria
82%
Republic of the Congo
82%
Togo
79%

Score Distribution

Percentile by Number Answered

Percent of People with Each Score

Your Score History

You have not taken this quiz